Values systems change and the collegiate environment : the freshman experience (Record no. 79049)

MARC details
000 -CABECERA
campo de control de longitud fija 00622nam a2200229 a 4500
005 - FECHA Y HORA DE LA ÚLTIMA TRANSACCIÓN
campo de control 20210219153524.0
008 - ELEMENTOS DE LONGITUD FIJA--INFORMACIÓN GENERAL
campo de control de longitud fija 991125n 000 0 u
035 ## - NÚMERO DE CONTROL DEL SISTEMA
Número de control de sistema UPN01000104665
100 ## - ASIENTO PRINCIPAL--NOMBRE PERSONAL
Nombre de persona Terry, Eleanor F.
222 ## - TÍTULO CLAVE
Título clave NASPA JOURNAL
245 ## - MENCIÓN DE TÍTULO
Título Values systems change and the collegiate environment : the freshman experience
300 ## - DESCRIPCIÓN FÍSICA
Extensión 261-267
362 ## - FECHAS DE PUBLICACIÓN Y/O DESIGNACIÓN SECUENCIAL
Fecha de publicación y/o designación secuencial 29, No. 4, 1992
505 ## - NOTA DE CONTENIDO CON FORMATO PREESTABLECIDO
Nota de contenido con formato Enero 1993
653 0# - TERMINO DE INDIZACION - NO CONTROLADO
Término no controlado ACTITUDES DEL ESTUDIANTE
653 0# - TERMINO DE INDIZACION - NO CONTROLADO
Término no controlado AMBIENTE ESCOLAR
653 0# - TERMINO DE INDIZACION - NO CONTROLADO
Término no controlado CAMBIO DE ACTITUD
653 0# - TERMINO DE INDIZACION - NO CONTROLADO
Término no controlado ESTUDIANTES
653 0# - TERMINO DE INDIZACION - NO CONTROLADO
Término no controlado VALORES
904 ## - ELEMENTOS DE DATOS D LOCAL, LDD (RLIN)
a AC
b 042476
905 ## - TIPO DE MATERIAL
Tipo de material Articulo

No items available.